01387cam a22004097a 4500003000500000005001700005008004100022010001000063011001000073020001800083020001800101020001500119035001100134040000900145082001500154110000800169245008000177260002400257300000700281490004500288500024000333650002900573650001900602650004400621650004600665650002500711650002300736650002400759650001600783650003000799650002200829650002500851700002000876700001800896700001800914830004500932CHAP20230607094735.0040923d2002 it ab r 00110 eng d a88838 a89810 a92-5-104802-9 a92-5-104844-4 a9251048010 a100361 cCHAP04a665.89bF32 aFAO10aTerrestrial carbon observationc/ed. by J. Cihlar, A.S. Denning and J. Gosz aRome :bFAO,c2002. av. 0aEnvironment and natural resources series aLa biblioteca tiene : v.2 The Ottawa assessment of requirements, status and next steps, v.3 The Rio de Janeiro recommendations for terrestrial and atmospheric measurements, v.5 The Frascati report on in situ carbon data and information14aAgricultura sustentable.14aBiodiversidad.17aDióxido de carbonoxEfecto en clima217aDióxido de carbonoxEfecto en plantas214aBosquesxEcología.14aDesertificación.14aDioxido de carbono.14aEcosistema.14aSatélites artificiales.14aSensores remotos.14aSuelosxCarbón en.0 aCihlar, J.eed.0 aGosz, J.eed.1 aDenning, A.S.00aEnvironment and natural resources series